A nemzetközi bankszabályozás hatásai az európai bankrendszerre
| Main Author: | |
|---|---|
| Other Authors: | |
| Format: | Thesis |
| Kulcsszavak: | bankszabályozás Bázeli Egyezmény BIS eszközminőség jövedelmezőség likviditás tőkemegfelelés |
| Online Access: | http://dolgozattar.uni-bge.hu/60329 |
MARC
| LEADER | 00000nta a2200000 i 4500 | ||
|---|---|---|---|
| 001 | dolg60329 | ||
| 005 | 20260409150437.0 | ||
| 008 | 260409suuuu hu om 000 hun d | ||
| 040 | |a BGE Dolgozattár Repozitórium |b hun | ||
| 041 | |a hu | ||
| 100 | 1 | |a Adamcsek Fanni | |
| 245 | 1 | 2 | |a A nemzetközi bankszabályozás hatásai az európai bankrendszerre |c Adamcsek Fanni |h [elektronikus dokumentum] |
| 520 | 3 | |a A 2008-as pénzügyi válság rávilágított a globális bankrendszer szabályozási hiányosságaira, különösen a tőkeellátottság, a likviditás és a kockázatkezelés területén. Ennek nyomán került bevezetésre a Bázel III keretrendszer, amely a bankrendszer stabilitásának és ellenállóképességének erősítését célozza. A szakdolgozat az európai bankszektor alkalmazkodását vizsgálja a Bázel III-IV előírásaihoz, három fő kutatási kérdés mentén: miként változott a bankok tőkehelyzete, jövedelmezősége és eszközminősége, illetve hogyan alakult likviditási helyzetük a szabályozás bevezetése után. A kvantitatív elemzés jegybanki és felügyeleti adatok alapján értékeli a tőkemegfelelési mutatókat, a jövedelmezőségi rátákat, valamint a likviditási követelmények teljesítését. | |
| 695 | |a bankszabályozás | ||
| 695 | |a Bázeli Egyezmény | ||
| 695 | |a BIS | ||
| 695 | |a eszközminőség | ||
| 695 | |a jövedelmezőség | ||
| 695 | |a likviditás | ||
| 695 | |a tőkemegfelelés | ||
| 700 | 1 | |a Pollák Dr. Zoltán |e ths | |
| 856 | 4 | 0 | |u http://dolgozattar.uni-bge.hu/60329/1/Adamcsek_Fanni_%28MSOH7C%29.pdf |z Dokumentum-elérés |
| 856 | 4 | 0 | |u http://dolgozattar.uni-bge.hu/60329/2/Adamcsek%20Fanni%20b%C3%ADr%C3%A1lat.pdf |z Dokumentum-elérés |